<?xml version="1.0" encoding="UTF-8"?>
<record
    xmlns:xsi="http://www.w3.org/2001/XMLSchema-instance"
    xsi:schemaLocation="http://www.loc.gov/MARC21/slim http://www.loc.gov/standards/marcxml/schema/MARC21slim.xsd"
    xmlns="http://www.loc.gov/MARC21/slim">

  <leader>02246agaaa2200349   4500</leader>
  <controlfield tag="001">8487</controlfield>
  <controlfield tag="003">IT-RoPAU</controlfield>
  <controlfield tag="005">20220918181224.0</controlfield>
  <controlfield tag="007">d cvaizq</controlfield>
  <controlfield tag="008">50131s9999||||xx ||| |     ||   ||und||</controlfield>
  <datafield tag="040" ind1=" " ind2=" ">
    <subfield code="a">IT-RoPAU</subfield>
    <subfield code="c">IT-RoPAU</subfield>
  </datafield>
  <datafield tag="041" ind1=" " ind2=" ">
    <subfield code="a">ITALIANO</subfield>
  </datafield>
  <datafield tag="100" ind1=" " ind2=" ">
    <subfield code="a">Kwapis Ken</subfield>
    <subfield code="g">Codice regista SPICS: 59383</subfield>
    <subfield code="9">37479</subfield>
  </datafield>
  <datafield tag="130" ind1=" " ind2=" ">
    <subfield code="a">LICENZA DI MATRIMONIO</subfield>
    <subfield code="9">37480</subfield>
  </datafield>
  <datafield tag="240" ind1=" " ind2=" ">
    <subfield code="a">LICENSE TO WED</subfield>
    <subfield code="g">T3763</subfield>
  </datafield>
  <datafield tag="245" ind1=" " ind2=" ">
    <subfield code="a">LICENZA DI MATRIMONIO</subfield>
    <subfield code="c">Prodotto da: Medavoy M. Messer A. -- Sceneggiatura: Barker Kim Rasmussen Tim Di Meglio Vince -- Diretto da: Kwapis Ken</subfield>
    <subfield code="p">LICENZA DI MATRIMONIO (Rif. Codice opera principale : H8487)</subfield>
  </datafield>
  <datafield tag="246" ind1=" " ind2=" ">
    <subfield code="a">LICENSE TO WED</subfield>
  </datafield>
  <datafield tag="250" ind1=" " ind2=" ">
    <subfield code="a">Edizione Standard</subfield>
  </datafield>
  <datafield tag="260" ind1=" " ind2=" ">
    <subfield code="a">(USA)</subfield>
    <subfield code="b">PROPOSAL PROD. - VILLAGE ROADSHOW PICTURE / Distribuzione: MONDADORI</subfield>
    <subfield code="g">"2007 (1&#xB0; ed.: 2008 ; Ed. Lingua Orig.: 2007)"</subfield>
  </datafield>
  <datafield tag="300" ind1=" " ind2=" ">
    <subfield code="a">DVD</subfield>
    <subfield code="b">sonoro, col.</subfield>
    <subfield code="c">88 minuti</subfield>
  </datafield>
  <datafield tag="508" ind1=" " ind2=" ">
    <subfield code="a">"Fotografia: Bailey John; Montaggio: Himoff Kathryn; Musica: Beck Christophe; Sceneggiatura: Barker Kim Rasmussen Tim Di Meglio Vince; Scenografia: Buckley Gae S.; Soggetto: Barker Kim -- Lloyd Wayne"</subfield>
  </datafield>
  <datafield tag="511" ind1=" " ind2=" ">
    <subfield code="a">"Williams Robin; Moore Mandy; Krasinski John; Taylor Christine; Olsen Eric; Christian"</subfield>
  </datafield>
  <datafield tag="520" ind1=" " ind2=" ">
    <subfield code="a">"COMMEDIA ROMANTICA STRAMPALATA E SPENSIERATA SU UNA GIOVANE COPPIA IMPAZIENTE DI ARRIVARE ALL'ALTARE ALLE PRESE CON UN SACERDOTE CHE HA DECISO DI ABBASSARE IL TASSO DI DIVORZI FACENDO DIVIDERE LE COPPIE INCOMPATIBILI PRIMA CHE ARRIVINO AL VELO E AL RISO. ISCRIVITI AL CORSO PREMATRIMONIALE DEL REVERENDO FRANK. E' PIU' DURO DELL'ADDESTRAMENTO DELLE RECLUTE. E MOLTO PIU' DIVERTENTE. CONTENUTI SPECIALI: SCENE INEDITE CON COMMENTO OPZIONALE DEL REGISTA KEN KWAPIS; CHIEDI AL RAGAZZO DEL CORO: SCEGLI LE DOMANDE SULLE RELAZIONI E IL MATRIMONIO ALLE QUALI DEVE RISPONDERE."</subfield>
  </datafield>
  <datafield tag="538" ind1=" " ind2=" ">
    <subfield code="a">PAL, STEREO</subfield>
  </datafield>
  <datafield tag="546" ind1=" " ind2=" ">
    <subfield code="a">ITALIANO</subfield>
  </datafield>
  <datafield tag="650" ind1=" " ind2=" ">
    <subfield code="a">COMMEDIA</subfield>
    <subfield code="e">DVD-FILM [DVD]</subfield>
    <subfield code="x">Codice MATERIA SPICS: 9947</subfield>
    <subfield code="9">36668</subfield>
  </datafield>
  <datafield tag="700" ind1=" " ind2=" ">
    <subfield code="a">Barker Kim </subfield>
    <subfield code="e">(soggetto)</subfield>
    <subfield code="g">Codice Soggetto SPICS: 59384</subfield>
    <subfield code="9">37481</subfield>
  </datafield>
  <datafield tag="700" ind1=" " ind2=" ">
    <subfield code="a">Beck Christophe</subfield>
    <subfield code="e">(musica)</subfield>
    <subfield code="g">Codice Musica SPICS: 59386</subfield>
    <subfield code="9">37482</subfield>
  </datafield>
  <datafield tag="700" ind1=" " ind2=" ">
    <subfield code="a">Kwapis Ken </subfield>
    <subfield code="e">(regista)</subfield>
    <subfield code="g">Codice regista SPICS: 59383</subfield>
    <subfield code="9">37483</subfield>
  </datafield>
  <datafield tag="700" ind1=" " ind2=" ">
    <subfield code="a">Lloyd Wayne </subfield>
    <subfield code="e">(soggetto)</subfield>
    <subfield code="g">Codice Soggetto 2&#xB0; SPICS: 59385</subfield>
    <subfield code="9">37484</subfield>
  </datafield>
  <datafield tag="942" ind1=" " ind2=" ">
    <subfield code="c">DV</subfield>
    <subfield code="2">ddc</subfield>
  </datafield>
  <datafield tag="999" ind1=" " ind2=" ">
    <subfield code="c">104754</subfield>
    <subfield code="d">104754</subfield>
  </datafield>
  <datafield tag="952" ind1=" " ind2=" ">
    <subfield code="0">0</subfield>
    <subfield code="1">0</subfield>
    <subfield code="4">0</subfield>
    <subfield code="6">H_8487_000000000000000</subfield>
    <subfield code="7">1</subfield>
    <subfield code="a">SPICS</subfield>
    <subfield code="b">SPICS</subfield>
    <subfield code="d">2015-01-31</subfield>
    <subfield code="l">0</subfield>
    <subfield code="o">H8487</subfield>
    <subfield code="r">2015-01-31 00:00:00</subfield>
    <subfield code="w">2015-01-31</subfield>
    <subfield code="y">DV</subfield>
    <subfield code="z">Progr. Ins.: 3752 / N.Vol.:1 / Copie: 1 / Pag.:0 / Copia rara: n.d. / date import: 1.2.2015 / By Epidotti, Trombetti, Vaglietti</subfield>
  </datafield>
</record>
